| 000 | 00693nam a22001937a 4500 | ||
|---|---|---|---|
| 003 | OSt | ||
| 005 | 20260530113913.0 | ||
| 008 | 260506b2006 |||||||| |||| 00| 0 JA d | ||
| 020 | _a494875983X | ||
| 035 | _aMX001001095782 | ||
| 040 |
_aICI _bSPA _cICI |
||
| 041 | _aJA | ||
| 050 |
_aHF5845 _bN48 |
||
| 245 |
_aNew P.O.P. design 1 _bcounter P.O.P/floor P.O.P./moving & neon P.O.P./hanging P.O.P./swing & others P.O.P. |
||
| 300 |
_a 213 páginas : _b ilustraciones a color ; _e1 disco óptico láser para computadora (4 3/4 plg.) |
||
| 650 |
_aPuestos de venta _vObras ilustradas _xPublicidad _zJapón _933681 |
||
| 650 |
_aArte comercial _vObras ilustradas _zJapón _933682 |
||
| 942 |
_2lcc _cBK _n1 |
||
| 999 |
_c12190 _d12190 |
||